Представление документа в формате RUSMARC

ПолеНазваниеЗначение
  Тип записи c
  Библиографический уровень m
001 Контрольный номер RU/IS/BASE/606928089
005 Дата корректировки 20251111121435.5
100 Данные общей обработки __
a Данные общей обработки 20190326d1963 u y0rusy0189 ca
101 Язык документа 0_
a Язык текста rus
102 Страна публикации __
a Страна публикации RU
200 Заглавие и сведения об ответственности 1_
a Заглавие Народные песни
e Сведения, относящиеся к заглавию [для пения (соло, дуэт)] под аккомпанемент шестиструнной или семиструнной гитары
210 Выходные данные 1_
a Место издания Москва
c Издательство Советский композитор
d Дата издания 1963-
215 Физическое описание __
d Формат 29 см
300 Общие примечания __
a Общие примечания Изд-во вып. 4 и вып. 5: Музыка
686 Индексы других классификаций __
a Классификационный индекс 85
2 Код системы rubbk
801 Источник записи _0
a Страна RU
b Организация Ульяновская ОНБ
c Дата составления 20190326
g Правила каталогизации RCR
801 Источник записи _1
a Страна RU
b Организация Ульяновская ОНБ
c Дата составления 20190326
g Правила каталогизации RCR
901 Тип документа __
t Тип документа v
909 Создатель записи __
a Создатель записи Грязнова И. Е.